• 首页
  • 本馆介绍
  • 公告通知
  • 最新文献
  • 馆藏检索
  • 电子资源
  • 读者导购
  • 参考咨询
  • 我的图书馆
  • 登录
  • 详细信息显示
  • 放入我的书架
  • 预约/预借图书
  • 作者相关作品
  • 分类相关作品
  • 丛书相关作品
  • 出版社相关作品

书目信息

  • 表格格式
  • 工作单格式
  • 卡片格式
题名:
应用语言学概论
    
 
作者: 于根元 主编
分册:  
出版信息: 北京   商务印书馆  2003
页数: 301页
开本: 21cm
丛书名: 应用语言学系列教材
单 册:
中图分类: H08
科图分类:
主题词: 应用语言学--教材 , 应用语言学
电子资源:
ISBN: 7-100-03793-X
000 00891nam0 2200265 450
001 05002473077
005 20060105144350.59
010    @a7-100-03793-X@dCNY17.00
092    @aCN
100    @a20040825e20042003ekmy0chiy0120 ea
101 0  @achi
102    @aCN@b110000
105    @ay z 000yy
200 1  @a应用语言学概论@9ying yong yu yan xue gai lun@f于根元主编@Fyu gen yuan zhu bian
210    @a北京@c商务印书馆@d2003@h2005重印
215    @a301页@d21cm
225 2  @a应用语言学系列教材@h陈章太,于根元总主编
330    @a本书论述了语言应用研究的意义,应用语言学的性质和范围,应用语言学的研究方法,详细论述了中国的应用语言学,以及与应用语言学学科建设有关的问题。
410  0 @12001 @a应用语言学系列教材
606 0  @a应用语言学@j教材
606 0  @a应用语言学
690    @aH08@v4
701  0 @a于根元@Ayu gen yuan@4主编
801  0 @aCN@bCXYBOOK@c20060105
905    @a10447@dH08@e101
    
    应用语言学概论/于根元主编.-北京:商务印书馆,2003(2005重印)
    301页;21cm.-(应用语言学系列教材.陈章太,于根元总主编)
    
    
    ISBN 7-100-03793-X:CNY17.00
    本书论述了语言应用研究的意义,应用语言学的性质和范围,应用语言学的研究方法,详细论述了中国的应用语言学,以及与应用语言学学科建设有关的问题。
●
相关链接 在E读中查询图书 在五车中查询图书 在当当中查询图书 在豆瓣中查询图书


正题名:应用语言学概论     索取号:H08/101         预约/预借

序号 登录号 条形码 馆藏地/架位号 状态 备注
1 0373857   203738571   第二样本阅览室/ [索取号:H08/101] 在馆    
2 0373858   203738580   第四借阅区/ [索取号:H08/101] 在馆    
3 0373859   203738599   第四借阅区/ [索取号:H08/101] 在馆    
4 0373860   203738606   第四借阅区/ [索取号:H08/101] 在馆    
5 0373861   203738615   第四借阅区/ [索取号:H08/101] 在馆    
唐山师范学院图书馆 欢迎您!
大连网信软件有限公司© 版权所有